[Event "Olympiad-31"]
[Site "Moscow"]
[Date "1994.12.05"]
[Round "5.3"]
[White "Psakhis, Lev"]
[Black "Miladinovic, Igor"]
[Result "0-1"]
[WhiteElo "2605"]
[BlackElo "2500"]
[Annotator "Shipov,S"]
[PlyCount "36"]
[EventDate "1994.12.01"]
[EventType "team-swiss"]
[EventRounds "14"]
[EventCountry "RUS"]
[SourceTitle "CBM 045"]
[Source "ChessBase"]
[SourceDate "1995.04.01"]
[SourceVersion "1"]
[SourceVersionDate "1995.04.01"]
[SourceQuality "1"]
[WhiteTeam "Israel"]
[BlackTeam "Serbia & Montenegro"]
[WhiteTeamCountry "ISR"]
[BlackTeamCountry "YUG"]

1. c4 {Ftacnik} e6 2. Nf3 d5 3. d4 Nf6 4. g3 Be7 5. Bg2 O-O 6. O-O c6 7. Nc3
Nbd7 8. Qd3 (8. Qc2) (8. Nd2) (8. b3 $1) 8... b6 9. e4 (9. cxd5 cxd5 10. Bf4 a6
$10) 9... Ba6 (9... a5 10. b3 Ba6 11. exd5 cxd5 12. a4 Nb8 13. Ne5 $14 {
Romanishin,O-Dolmatov,S/Erevan/1982/}) 10. b3 dxc4 $1 (10... Ne8 $14) (10...
Rc8 $14) (10... dxe4 11. Nxe4 b5 $5) (10... b5 $5) 11. bxc4 {[#]} e5 12. Rd1 (
12. dxe5 $2 Ng4 13. Bf4 g5 $1 14. Nxg5 Ngxe5 15. Qe3 Nxc4 $17 {Kouatly,
B-Pfleger,H/Royan/1988/}) 12... Qc7 (12... Bb4 13. Bb2 exd4 14. Nxd4 Ne5 15.
Qc2 $44 Qc8 {Ftacni} 16. Nf5 Re8 17. Qc1 h6 18. Ne2 Bc5 19. Nf4 Nfg4 20. Bd4
Bf8 21. h3 c5 22. Bc3 Nf6 23. Nd5 Nfd7 24. f4 $36 {Inkiov,V-Letzelter,JC/
Buenos Aires olm/1978/1-0 (32)}) (12... exd4 13. Nxd4 Ne5 14. Qc2 Qe8 15. Bf4 (
15. Bg5 $5 Bxc4 16. Nf5 $44 Rd8 {Ftacnik} 17. h3 h6 18. Rxd8 Bxd8 19. Bf4 b5
20. Qd2 Qd7 21. Bxh6 gxh6 22. Qxh6 Ne8 23. Qh5 Qe6 24. Nh6+ $10 {Hansen,
LB-Pliester,L/Wijk II/1994/}) 15... Nfd7 $1 (15... Nxc4 16. e5 $36) 16. Bh3 Bf6
17. Nxc6 $6 (17. Nf5 $13) 17... Nf3+ 18. Kg2 Nc5 19. Rd6 Bxc3 20. Qxc3 Bb7 $17
{Piket,J-Polugaevsky,L/Aruba/1994/}) 13. dxe5 (13. Bb2 $2 exd4 14. Nxd4 Ne5 $17
) 13... Nxe5 14. Nxe5 Qxe5 15. Bb2 $6 (15. Bf4 Qc5 (15... Qe6 $5) 16. e5 Nh5 (
16... Bxc4 $6 17. exf6 $2 (17. Qc2 $32 Nd5 18. Ne4 $36) 17... Bxd3 18. fxe7
Qxc3 $1 19. exf8=Q+ Rxf8 20. Rac1 Qa3 $17) 17. Be3 (17. Ne4 Nxf4 $1) 17... Qxe5
18. Bxc6 Rad8 $10 19. Bd4 {Ftacnik} Qg5 20. Nb5 Bc5 21. Qe3 Qxe3 22. fxe3 Nf6
23. Bxc5 bxc5 24. Nxa7 $14 {Sorokin,M-Hoffman,A/San Martin (03)/1993/0.5 (50)})
15... Qe6 $1 16. e5 $8 (16. Bf1 $142 {Ftacnik}) 16... Ng4 $1 (16... Qxe5 17.
Nd5 Qxb2 18. Nxe7+ Kh8 19. Nxc6 $14) 17. Re1 (17. Nd5 cxd5 18. Bxd5 (18. cxd5
Bxd3 19. dxe6 Rad8 $1 $19) 18... Qc8 $17) (17. Qd7 $5 Nxf2 18. Kxf2 Bc5+ $40) (
17. Qe4 {Ftacnik} Bc5 18. Rd2 Nxe5 $17) 17... Rad8 18. Qe4 $2 (18. Qc2 Bxc4 $17
) 18... Bc5 $1 $19 (18... Bc5 19. Nd1 (19. Re2 Bxc4 $19 (19... Nxf2 {Ftacnik}
20. Rxf2 Bxf2+ 21. Kxf2 Rd2+ $19)) 19... Rxd1 20. Raxd1 Nxf2 $19) 0-1

[Event "Ankara zt"]
[Site "Ankara"]
[Date "1995.??.??"]
[Round "9"]
[White "Nikolaidis, Ioannis"]
[Black "Anastasian, Ashot"]
[Result "1/2-1/2"]
[WhiteElo "2505"]
[BlackElo "2530"]
[Annotator "Shipov,S"]
[PlyCount "80"]
[EventDate "1995.??.??"]
[EventType "swiss"]
[EventRounds "9"]
[EventCountry "TUR"]
[SourceTitle "CBM 049 Extra"]
[Source "ChessBase"]
[SourceDate "1996.01.01"]
[SourceVersion "1"]
[SourceVersionDate "1996.01.01"]
[SourceQuality "1"]

1. d4 Nf6 2. c4 e6 3. g3 d5 4. Bg2 Nbd7 5. Nf3 c6 6. Nc3 Be7 (6... dxc4 $5) 7.
O-O dxc4 8. a4 O-O 9. e4 e5 $1 (9... a5) (9... b6) 10. dxe5 (10. Nxe5 $6 Nxe5
11. dxe5 Ng4 $36) 10... Ng4 11. Bf4 Bc5 {N/} (11... g5 $5 12. Nxg5 Ndxe5 13.
Qxd8 Rxd8 14. f3 (14. h3 $5 Bc5) 14... Bc5+ 15. Kh1 Ne3 16. Bxe5 Nxg2 17. Bf6
Rd3 18. Kxg2 Rd2+ 19. Kh1 h6 $13 {Ristic,N-Maksimovic,B/YUG/1989/0:1/48/}) (
11... Qa5 12. e6 (12. Qe2 Ndxe5 13. Nxe5 Nxe5 14. Bxe5 Qxe5 15. Qxc4 Be6 $15)
12... fxe6 13. Qe2 (13. Bd6 Bxd6 14. Qxd6 Nde5 15. Nxe5 Nxe5 16. Rab1 Rd8 17.
Qe7 Ng6 18. Qa3 e5 $15 {Sosonko,G-Van der Wiel,J/Wijk aan Zee/1987/0,5/30/})
13... Nge5 14. Nd4 Nb6 15. Bd2 Bb4 16. Nc2 c5 17. Qh5 Nc6 18. e5 (18. Ne3 $6
Bd7 19. e5 Be8 20. Qh3 Nd4 $1 $17 {Gelfand,B-Timman,J/Tilburg/1990/0:1/47/})
18... Rf5 19. Qe8+ Rf8 20. Qh5 Rf5 21. Qe8+ {Vaulin,A-Gorelov,S/Pavlodar/1991/}
) 12. e6 (12. Qe2 Qe7 13. Qxc4 Ndxe5 $10) (12. h3 Nxf2 $1 13. Rxf2 Bxf2+ 14.
Kxf2 Qb6+ $13) 12... fxe6 13. Qe2 (13. e5 $5 {/\Ne4/}) 13... e5 14. Bg5 Qa5 (
14... Qb6 $2 15. a5 $1) 15. h3 $5 (15. Qxc4+ Kh8 16. h3 $6 Nxf2 $1 17. Rxf2
Bxf2+ 18. Kxf2 Qb6+ 19. Kf1 Qxb2 $40) 15... Nxf2 $1 (15... Ngf6 16. Qxc4+ Kh8
17. Rad1 $14) 16. Rxf2 Bxf2+ 17. Qxf2 (17. Kxf2 b5 $1 $36) 17... Nc5 18. Be3
Nd3 19. Qe2 $2 (19. Qc2 $1 b5 20. Ne1 $14) 19... b5 20. Ne1 b4 $1 21. Nd1 Nxe1
22. Qxe1 Be6 $15 23. Bd2 Rab8 24. Ne3 c3 $1 25. Bc1 $1 (25. bxc3 b3 26. c4 Qc5
$17) 25... b3 26. Nf5 $5 Bxf5 (26... Qb4 $5 {/\27.bc b2!/}) 27. exf5 Rxf5 (
27... Qb4 $5 {/\c2|^/}) 28. bxc3 $1 b2 29. Rb1 Rff8 30. Be3 (30. Rxb2 $2 Rxb2
31. Bxb2 Qb6+ $19) (30. Bxb2 Rb3 $1 (30... Qb6+ $2 31. Kh2 Rf2 32. a5 $13) 31.
Kh2 Rfb8 32. Qe2 Qb6 $19) 30... Qxa4 31. Bc5 Rfd8 32. Be7 $1 (32. Qxe5 Qd1+ $1
$19) 32... Rd1 (32... Rd7 $6 33. Qxe5 $36) 33. Rxd1 Qxd1 34. Qxd1 b1=Q 35. Qxb1
Rxb1+ 36. Kf2 $10 Rb2+ 37. Kf1 (37. Kf3 e4+ $19) 37... Rc2 38. Bb4 c5 39. Bd5+
Kh8 40. Ba5 Rd2 1/2-1/2

[Event "ISR-chT"]
[Site "Israel"]
[Date "1997.05.02"]
[Round "10"]
[White "Alienkin, Aleksander"]
[Black "Tyomkin, Dimitri"]
[Result "1/2-1/2"]
[WhiteElo "2420"]
[BlackElo "2450"]
[Annotator "Tyomkin,D"]
[PlyCount "61"]
[EventDate "1997.??.??"]
[EventType "team"]
[EventRounds "11"]
[EventCountry "ISR"]
[SourceTitle "CBM 059"]
[Source "ChessBase"]
[SourceDate "1997.08.01"]
[SourceVersion "1"]
[SourceVersionDate "1997.08.01"]
[SourceQuality "1"]

1. d4 d5 2. Nf3 c6 3. c4 e6 4. Qb3 Nf6 5. Nc3 Nbd7 6. g3 Be7 (6... Nb6 7. c5
Nbd7 (7... Nc4 $5) 8. Qa4 e5 9. b4 exd4 (9... e4 $13) 10. Nxd4 g6 11. Bg2 Bg7
12. O-O O-O 13. Bf4 (13. Rd1 {/\14.e4,14.Bf4-d6}) 13... Nh5 (13... Re8 14. Rad1
$16) 14. Be3 a6 (14... Ne5 $14) 15. Rad1 Ne5 16. Qb3 Bd7 17. Bc1 f5 18. f3 (18.
Nxd5 cxd5 19. Bxd5+ Kh8 20. Bxb7 Ra7 $13 21. c6 Rxb7) 18... Kh8 19. e4 fxe4 20.
fxe4 $16 {Wojtkiewicz-Smagin, Palma 1989}) 7. Bg2 O-O 8. O-O Nb6 9. c5 $6 $146
(9. cxd5 {Tyomkin,D} exd5 10. Bf4 (10. a4 $6 a5 {[%csl Rb4]} 11. Ne5 (11. Bf4
Nc4 {[%cal Ge7d6]} 12. e4 Nxe4 13. Nxe4 dxe4 14. Qxc4 exf3 $17 {[%csl Rd4]
[%cal Gc8e6,Ge6d5]}) 11... Nbd7 12. Bf4 Nxe5 13. Bxe5 (13. dxe5 Nd7 {[%cal
Gd7c5]} 14. e4 d4 $15) 13... Re8 14. Rad1 (14. e4 dxe4 15. Nxe4 Nxe4 16. Bxe4
Bb4 {[%cal Gc8e6,Yf7f6]} 17. Rad1 $140 $2 Bh3) 14... Bb4 $1 {[%csl Ye4]} (14...
b6 $6 {[%cal Gc8a6]} 15. e4 Ba6 16. Rfe1 {|^[+]}) 15. Na2 Bd6 16. Bxd6 Qxd6 17.
Nc3 Bf5 18. Rd2 Re7 19. Rc1 Rae8 $15 {[%cal Gd6b4,Ge7e2] <->e Sokolsky,
A-Simagin,V/Vilnius URS sf 1949 (33)/0-1}) 10... Nc4 $6 {According to opening
strategy Black should first develope his pieces} (10... a5 {[%cal Ga5a4]} 11.
Ne5 Bf5 {[%csl Ye4]} (11... a4 12. Qc2) 12. Rfe1 a4 13. Qd1 Re8 $15) (10... Re8
$5) (10... Bf5 $5) (10... Bd6 11. Ne5 Re8 $6 (11... Bf5) 12. e4 $1 Be6 13. Nxc6
$1 bxc6 14. Bxd6 (14. e5 $2 Bc7 15. exf6 Bxf4 $17) 14... Qxd6 15. e5 Qd8 16.
exf6 Qxf6 17. Qd1 $14 {[%cal Gb2b3,Ga1c1]}) 11. Ne5 Nxe5 12. Bxe5 Qb6 13. Qc2
Nd7 {[%cal Gc3a4]} 14. Na4 Qb4 (14... Qa5 15. Bf4 {now white can choose
beetwing playing on the queenside by pushing pawns or opening the center by
pushing e2-e4 using better development of his pieces}) 15. a3 Qc4 16. Qxc4 dxc4
17. Bc7 Nf6 18. e4 Be6 19. Nc5 Bxc5 20. dxc5 Rfc8 21. Bd6 $16 {Alvarez,
R-Guerra,D/ESP-ch Lleida 1991/1-0 (73) _|_ ^^}) 9... Nbd7 $15 {[%cal Ge6e5]}
10. Bf4 b6 11. cxb6 axb6 12. Rfe1 {[%cal Ge2e4,Yg2a8]} b5 {[%cal Gd7b6,Gb6c4]}
(12... Ba6 13. e4 (13. Qc2 c5 14. Rad1 (14. e4 dxe4 15. Nxe4 Nxe4 16. Qxe4 Nf6
$15)) 13... dxe4 14. Nxe4 Nxe4 15. Rxe4 Nf6 16. Ree1 Nd5 17. Ne5 Bb7 (17...
Nxf4 18. Nxc6 Qc7 (18... Nxg2 19. Nxd8 Nxe1 20. Nc6 $18) 19. Nxe7+ Qxe7 20.
gxf4 Bb7 21. d5 $16) 18. Rac1 Nxf4 19. Bxc6 Ra7 20. gxf4 Qxd4 21. Re4 $36 (21.
Bxb7 Rxb7 22. Qf3 $14)) (12... Bb7 $5) 13. a3 Nb6 (13... Bb7 $142) 14. Ne5 Bb7
15. e4 Nfd7 $2 (15... dxe4 $142 16. Nxe4 (16. Rad1 Nbd5) 16... Nbd5 $1 (16...
Qxd4 17. Nxc6 $1 (17. Rad1 Qa4 18. Qxa4 Nxa4 19. Nxc6 Bxc6 20. Nxf6+ Bxf6 21.
Bxc6 Nxb2 $17) 17... Bxc6 18. Nxf6+ Bxf6 19. Bxc6 Ra5 (19... Qxb2 20. Qxb2 Bxb2
21. Rab1 $14) 20. Re2 $14 (20. Rad1 $2 Qxb2 21. Qxb2 Bxb2 22. Bc7 Bxa3)) 17.
Qf3 Nxe4 18. Qxe4 Ra4 $15 {[%cal Gc6c5]}) 16. Nxd7 Qxd7 17. exd5 exd5 18. Na2
$1 {[%cal Ga2b4,Gb4d3,Yd3e5,Yd3c5]} (18. Bh3 Qxh3 19. Rxe7 Bc8 20. f3 Be6 $132)
18... Nc4 (18... Ra4 $6 19. Nb4 (19. Nc3 Rxd4 $140 20. Be3) 19... Bxb4 20. axb4
Re8 21. Qc3 (21. Bh3 $4 Rxa1 $19) (21. Rad1) 21... Rxa1 22. Rxa1 Qf5 23. b3 $16
) 19. Nb4 Rfe8 $2 (19... Bf6 $1 {[%csl Rd4]}) 20. Nd3 Bf8 21. Ne5 Nxe5 22. Bxe5
Ra4 {[%csl Rd4][%cal Gf7f6]} 23. Qd3 {[%cal Gb2b4]} Ba6 $2 {[%cal Gb5b4]} (
23... b4 24. axb4 Rxb4 25. Qc3 Rc4 (25... Rb5 {[%cal Gf8b4]} 26. Qc2) (25...
Qf5 $2 26. Bd6 $3 $18) 26. Qd3 Bc8 $15 {[%cal Gd7b7]}) 24. b4 $1 $14 Bb7 25.
Bf3 $1 {[%cal Gf3d1,Gd1c2]} Rea8 26. Bd1 R4a7 (26... Rxb4 $4 27. Bc2) 27. Bc2
g6 (27... Qh3 $142 {[%cal Gb7c8]} 28. Qc3 Ra6 $14) 28. Qf3 {[%cal Ge1e3,Gf3f6]}
Bg7 29. Bxg7 Kxg7 30. Re3 Qd6 31. Rae1 $138 {+/= <->e} 1/2-1/2

[Event "Dubai op"]
[Site "Dubai"]
[Date "2001.04.25"]
[Round "9"]
[White "Volzhin, Alexander"]
[Black "Neverov, Valeriy"]
[Result "1-0"]
[WhiteElo "2528"]
[BlackElo "2562"]
[Annotator "Volzhin,A"]
[PlyCount "82"]
[EventDate "2001.04.15"]
[EventType "swiss"]
[EventRounds "9"]
[EventCountry "UAE"]
[SourceTitle "EXT 2004"]
[Source "ChessBase"]
[SourceDate "2003.11.25"]
[SourceVersion "1"]
[SourceVersionDate "2003.11.25"]
[SourceQuality "1"]

1. d4 d5 2. c4 e6 3. Nc3 Be7 4. Nf3 Nf6 5. g3 O-O 6. Bg2 dxc4 7. O-O Nbd7 8. e4
Rb8 $5 {This old line becomes now more and more popular. The game
Kramnik-Lputian where the outcome of the opening fight was disastrous for the
world-title rival (at that time) boosted the line a lot.} 9. a4 a6 10. a5 (10.
Nd2 $6 b5 11. e5 Nd5 12. Bxd5 exd5 13. Nxd5 Bb7 14. Nxe7+ Qxe7 15. Nf3 Qe6 16.
Be3 Qd5 $17 {Gruenberg,R-Stelting,T/GER 1979}) ({White has tried to sacrifice
the pawn forever:} 10. Qe2 b5 11. axb5 axb5 12. Bf4 {Pytel,K-Sydor,A/POL(ch)
1972, hoping for his pawn centre and space advantage. But I don't belive such
sort of stuff may be good for White.}) 10... b5 11. axb6 Nxb6 (11... cxb6 $6 {
is weaker:} 12. Bf4 Ra8 13. Nd2 (13. d5 $5 $44 {is worth considering.}) 13...
b5 14. Nxb5 (14. e5 $6 Nd5 15. Nxd5 exd5 16. Bxd5 Ra7 17. Be4 Nb6 18. Qf3 Be6
$13 {><d5}) 14... Nb6 15. Bc7 Qd7 16. Bxb6 Qxb5 17. Ba5 $14 {and White is
clearly better due to the weakness of c4-pawn.}) 12. Qe2 (12. Qc2 Bb7 13. Rd1
h6 14. Bf4 Bb4 15. Ne5 Qe7 16. Na4 Rbc8 17. Bd2 Bxd2 18. Rxd2 Nxa4 19. Rxa4 c5
20. Rxc4 cxd4 21. Rdxd4 Rfd8 22. Rxd8+ Qxd8 23. Rxc8 Qxc8 24. Qxc8+ Bxc8 $11 {
, and the endgame is drawish, Miton,K-Nielsen,P New York 2000}) 12... Bb7 (
12... c5 $6 {looks premature:} 13. Bf4 Rb7 14. Rfd1 $36) 13. Rd1 Bb4 14. Ne5
Qe7 $6 {Wasting an important tempo.} (14... a5 $1 {should be played:} 15. Na2
Ra8 16. Bg5 Be7 17. Nxc4 Ba6 18. b3 a4 $1 {with excellent chances for Black,
Kramnik-Lputian, 2000.}) 15. Bg5 $1 $14 {/\16.Ng4} h6 $8 16. Bxf6 Qxf6 17. Nxc4
Nxc4 18. Qxc4 Qe7 $8 19. e5 $5 (19. Na2 Ba5 20. b4 Bb6 {/\Rfd8,e5<=>} 21. e5
Bxg2 22. Kxg2 a5 $1 $11) 19... Bxg2 20. Kxg2 c5 $2 {A gross positional mistake.
} (20... a5 $14 {/\ Rfd8-d7, Rbd8 should be preffered.}) 21. d5 $1 $16 exd5 22.
Rxd5 Bxc3 (22... a5 23. Ne4 $16 {is clearly better for White since the black
bishop is "off-side" .}) 23. bxc3 Qb7 24. Rxa6 Rfe8 $1 25. Rad6 $1 {[]} Rxe5
26. Qxc5 Rbe8 27. c4 Re4 28. Rd7 Qb1 29. Rd8 Re1 30. Rxe8+ Rxe8 31. Re5 Rd8 (
31... Rxe5 32. Qxe5 $18) 32. Qb5 $1 Qxb5 33. cxb5 $18 {The rook ending is
easily won for White.} Rd2 34. Kf3 Rb2 35. h4 g6 36. Ke3 f6 37. Rc5 Kf7 38. h5
gxh5 39. Rxh5 Rb3+ 40. Kd4 Kg6 41. Rd5 Rb2 (41... Rb2 42. Kc5 Rxf2 43. b6) 1-0